000 01827nam a2200193 a 4500
001 ASIN1846143195
005 20170105102849.0
008 130820s2011 xxu eng d
020 _a1846143195 (hardcover)
_c$44.25
020 _a9781846143199 (hardcover)
040 _a0
100 1 _aMajd, Hooman.
245 1 4 _aThe ayatollahs' democracy :
_ban iranian challenge /
_cHooman Majd.
260 _a[S.l.] :
_bAllen Lane,
_c2011.
300 _a288 p. ;
_c24 cm.
520 _a"There are several peculiar features about writing any detailed account of the recent political events in Persia which make necessary some slight explanation. The first point is that Persian political affairs, fraught as they are with misfortune and misery for millions of innocent people, are conducted very much as a well-staged drama - I have heard some critics say, as an opera bouffe". (William Morgan Shuster, "The Strangling of Persia", 1912). So Hooman Majd introduces his story of Iran, with its volatile politics, jostling leaders, global ambitions, and enormous implications for world peace. What does it mean for the world if "Green" represents not a revolution but a civil rights movement, pushing the country toward a particular brand of "Islamic democracy"? And how will Iran's diversity of political positions, so often sidelined in news reporting, ultimately resolve itself? With witty, candid, and stylishly-intelligent reporting, Hooman Majd introduces top-level politicians and clerics alongside regular Iranians, including Jewish community leaders. A personal, candid tour of the political and social landscape in Iran, "The Ayatollahs' Democracy" is a powerful dispatch from a country at a historic turning point.
856 4 0 _3Amazon.com
_uhttp://www.amazon.com/exec/obidos/ASIN/1846143195/chopaconline-20
942 _2ddc
_cBK
999 _c14200
_d14200